| 000 | 00855nac a22002537a 4500 | ||
|---|---|---|---|
| 001 | BR8804754 | ||
| 003 | BR-BrBNA | ||
| 005 | 20240105120810.0 | ||
| 008 | 230509b bl.|||m| |||| 00| 0 por d | ||
| 040 |
_aBR-BrBNA _bpor _cBiblioteca Nacional de Agricultura |
||
| 072 | _aF01 | ||
| 090 | _a0120 BR8804754 | ||
| 110 | 1 |
_aComissao Executiva do Plano da Lavoura Cacaueira, Ilheus, BA (Brasil). Depto. de Extensao _92112 |
|
| 245 | 1 | _aMilho; microrregiao - Extremo Sul [sistema de producao] | |
| 260 | 3 |
_aIlheus, BA (Brasil): _c1988. |
|
| 300 | _a19 p. | ||
| 490 |
_aSistema de Producao - Comissao Executiva do Plano da Lavoura Cacaueira. Depto. de Extensao (Brazil) _vno. 4 _x |
||
| 500 | _a5 ref. | ||
| 650 | _aMILHO | ||
| 650 | _aPRATICA CULTURAL | ||
| 650 | _aBAHIA | ||
| 909 |
_a202312 _bLúcia Elande _c55 _dLúcia Elande |
||
| 942 |
_2AGRIS _n0 _cMS |
||
| 999 |
_c281470 _d281470 |
||